Android aplikácia pre podporu liečby

Salvato in:
Dettagli Bibliografici
Autore principale: Števo, Martin (Autore)
Altri autori: Képešiová, Zuzana (Relatore della tesi)
Natura: Manoscritto Libro
Lingua:slovacco
Pubblicazione: Bratislava : STU v Bratislave FEI, 2020
Soggetti:
Accesso online:https://opac.crzp.sk/?fn=detailBiblioForm&sid=69B07E5EF4F2B22F098CB4C7FD1B&seo=CRZP-detail-kniha
Tags: Aggiungi Tag
Nessun Tag, puoi essere il primo ad aggiungerne!!

MARC

LEADER 00000ntm a22000003a 4500
001 stuzp76836
003 SK-STU
005 20200827101422.8
007 ta
008 150427s2015----xo-----f-mn---000-0-slo-d
040 |a STU  |b slo 
041 0 |a slo 
044 |a xo 
100 1 |a Števo, Martin  |u 035000  |4 aut  |U FEI Fakulta elektrotechniky a informatiky  |T FEI Ústav informatiky a matematiky  |X 74269  |U E050  |Y 816  |7 74269 
242 0 1 |a Android app to support medical treatment  |y eng 
245 1 0 |a Android aplikácia pre podporu liečby 
260 |c Bratislava :  |c STU v Bratislave FEI,  |c 2020 
300 |a 47 s. 
650 4 |a Android  |2 slo 
650 4 |a JAVA  |2 slo 
650 4 |a Firebase  |2 slo 
650 4 |a chat  |2 slo 
650 4 |a lekárski špecialisti  |2 slo 
650 4 |a pacientske organizácie  |2 slo 
650 4 |a Android  |2 eng 
650 4 |a JAVA  |2 eng 
650 4 |a Firebase  |2 eng 
650 4 |a chat  |2 eng 
650 4 |a medical specialists  |2 eng 
650 4 |a patient organisations  |2 eng 
700 1 |a Képešiová, Zuzana  |u 030400  |k Z3  |4 ths  |U FEI Fakulta elektrotechniky a informatiky  |T FEI Ústav automobilovej mechatroniky  |X 8785  |U E400  |Y 642  |7 8785 
856 4 |u https://opac.crzp.sk/?fn=detailBiblioForm&sid=69B07E5EF4F2B22F098CB4C7FD1B&seo=CRZP-detail-kniha